000 00561nam a22001937a 4500
003 OSt
005 20240925105015.0
008 240925b |||||||| |||| 00| 0 eng d
020 _a9789966223908
040 _aMMU
_beng
_cMMU
_dMMU
050 _aQA276
_b.K56 2004
100 _aGeorge K. Kingoriah.
_91863
245 _aFundamentals of applied statistics;
_cKingoriah K George.
260 _aKenya:
_bJKF,
_c2004.
300 _axiii, 529 pages:
_billustrations;
504 _aIncludes index.
650 _aDescriptive Statistics.
_91864
942 _2lcc
_cLOAN LOAN
999 _c33058
_d33055